000 00632nam a2200241 i 4500
001 C2-0284627
003 PPAK
005 20180728014434.0
008 071205s2005 my |||| ||||| | may d
020 _a9834256701
040 _aPPAK
_beng
_cPPAK
_erda
082 0 4 _a899.233
_223
090 0 0 _a899.233
_bFAU
_dG
100 0 _aFauziah Ashari,
_eauthor
245 1 0 _aCinta ... tiada akhirnya
264 1 _aMasai, Johor :
_bIntens Media ,
_c2005
300 _a566 pages ;
_c19 cm
336 _2rdacontent
_atext
337 _2rdamedia
_aunmediated
338 _2rdacarrier
_avolume
650 1 0 _aMalay fiction.
942 _ddc
_cB
999 _c90564
_d90564